000 00874nas a2200241 i 4500
001 182878
003 ES-MaACL
005 20250217134910.0
008 131121d1881 cl a| | ||pa d
022 _a9961-8710
080 _a354.71(83)(060.55)
110 1 _aChile.
_bMinisterio de Marina.
_9153871
245 1 0 _aMemoria del Ministro de Marina :
_bpresentada al Congreso Nacional.
260 _aSantiago de Chile :
_b[Ministerio de Marina],
_c1881- (
_fImp. Nacional)
300 _a3 v. ;
_c27 cm.
310 _aAnual
362 0 _a1881-
610 2 4 _aChile.
_bMinisterio de Marina-
_vMemorias.
_9153872
852 4 _aES-MaACL
_jG-6663-64
852 4 _aES-MaACL
_jT-388-F-12 (año 1881)
_x- Enc. hol., falto de cub. original
_z- Enc. en un vol. facticio
_z- Dedicatoria autógrafa de L.M. Cardozo
866 0 _o1881, 1885-1886.
999 _c182878
_d182878